| 000 | 00400nam a2200157Ia 4500 | ||
|---|---|---|---|
| 008 | 230917s9999||||xx |||||||||||||| ||und|| | ||
| 040 |
_e60765 _aMAIN |
||
| 041 | _aEnglish | ||
| 082 | _a657.48 M452N | ||
| 100 | _aMay, Robert G | ||
| 245 | 2 | _aA new introduction to financial accounting | |
| 250 | _a2nd ed. | ||
| 260 |
_aNew Jersey _bPrentice-Hall _c1980 |
||
| 300 | _axiii, 797 p. | ||
| 942 | _cBK | ||
| 999 |
_c221826 _d221826 |
||